000 00472nam a2200217Ia 4500
005 20250425160724.0
008 250425s9999 xx 000 0 und d
020 _a8475303943
041 _aspa
082 _a801.953
100 _aPLATON
245 0 _aEL BANQUETE FEDON FEDRO
250 _a1A ED.
260 _aBARCELONA
260 _aEspaƱa
_bOrbis
_c1983
300 _a373
650 _aDISCURSOS
650 _aLITERATURA
942 _c01
010 _a3492
999 _c194853
_d194853